[Event "I Festival A"]
[Site "Lodi ITA"]
[Date "2005.06.11"]
[Round "2"]
[White "Cebalo, Miso"]
[Black "Pulito, Alberto"]
[Result "1/2-1/2"]
[WhiteElo "2507"]
[BlackElo "2202"]
[PlyCount "48"]
[EventDate "2005.06.10"]

1. d4 d5 2. c4 e6 3. Nc3 Nf6 4. Bg5 c6 5. e3 h6 6. Bh4 Be7 7. Nf3 Nbd7 8. Qc2
O-O 9. O-O-O dxc4 10. Bxc4 b5 11. Bd3 Bb7 12. Kb1 Rc8 13. Ne5 a6 14. Bxf6 Nxf6
15. Ne4 c5 16. Nxf6+ Bxf6 17. dxc5 Bd5 18. Ng4 Be7 19. b4 Qc7 20. f4 a5 21. Be4
Bxe4 22. Qxe4 axb4 23. Ne5 Bxc5 24. Rd7 Qa5 1/2-1/2

[Event "I Festival A"]
[Site "Lodi ITA"]
[Date "2005.06.11"]
[Round "2"]
[White "Ceccarini, Marco"]
[Black "Frigieri, Fabrizio"]
[Result "1-0"]
[WhiteElo "2124"]
[BlackElo "2072"]
[PlyCount "91"]
[EventDate "2005.06.10"]

1. e4 c5 2. Nf3 Nc6 3. d4 cxd4 4. Nxd4 Nf6 5. f3 Qb6 6. Nb3 e6 7. Nc3 a6 8. Qe2
Qc7 9. Be3 Be7 10. O-O-O d6 11. g4 b5 12. g5 Nd7 13. f4 Bb7 14. f5 Nce5 15.
fxe6 fxe6 16. a3 Nc4 17. Bh3 Rc8 18. Bxe6 Nxb2 19. Bxd7+ Kxd7 20. Nc5+ Ke8 21.
Kxb2 dxc5 22. Nd5 Qe5+ 23. Kb1 Bxd5 24. Rxd5 Qxe4 25. Rhd1 g6 26. Qd2 c4 27.
Bc5 Bxc5 28. Rd8+ Kf7 29. Qd7+ Qe7 30. Rxc8 Qxd7 31. Rxd7+ Ke6 32. Rxh8 Kxd7
33. Rxh7+ Ke6 34. Ka2 c3 35. Kb3 a5 36. Rc7 a4+ 37. Ka2 Bd4 38. Rb7 Bg1 39. h3
Kf5 40. Rxb5+ Kf4 41. Rb4+ Kf5 42. Rxa4 Be3 43. Rc4 Bd2 44. Rc5+ Ke4 45. Kb3
Kf4 46. a4 1-0

[Event "I Festival A"]
[Site "Lodi ITA"]
[Date "2005.06.11"]
[Round "2"]
[White "Dragojlovic, Andjelko"]
[Black "Calzolari, Giampietro"]
[Result "1-0"]
[WhiteElo "2285"]
[BlackElo "2036"]
[PlyCount "71"]
[EventDate "2005.06.10"]

1. e4 e6 2. d4 d5 3. Nc3 Bb4 4. e5 c5 5. a3 Bxc3+ 6. bxc3 Ne7 7. h4 Qa5 8. Bd2
Nbc6 9. Qg4 Nf5 10. Bd3 Nce7 11. Nf3 c4 12. Bxf5 Nxf5 13. h5 Bd7 14. Qf4 O-O-O
15. g4 Nh6 16. Nh4 Qa4 17. Kd1 Rhf8 18. f3 b5 19. Be1 a5 20. Qc1 Ng8 21. Bg3
Ne7 22. Ke2 Nc6 23. Ng2 f6 24. exf6 gxf6 25. Ne3 b4 26. axb4 Qb5 27. bxa5 e5
28. Rb1 Qxa5 29. Qb2 Qa6 30. Nxd5 Nxd4+ 31. Kf2 Nb5 32. Qb4 Kb7 33. Qxc4 Rc8
34. Qe4 Qc6 35. Nxf6 Rxf6 36. Rxb5+ 1-0

[Event "I Festival A"]
[Site "Lodi ITA"]
[Date "2005.06.11"]
[Round "2"]
[White "Drazic, Sinisa"]
[Black "Cecconi, Giovanni Alberto"]
[Result "1/2-1/2"]
[WhiteElo "2495"]
[BlackElo "2183"]
[PlyCount "77"]
[EventDate "2005.06.10"]

1. d4 f5 2. g3 Nf6 3. Bg2 g6 4. Nf3 Bg7 5. O-O O-O 6. b3 d5 7. c4 e6 8. Ba3 Re8
9. Nbd2 a5 10. Ne5 Bd7 11. Qc2 Nc6 12. Ndf3 Ne4 13. Rad1 Nb4 14. Bxb4 axb4 15.
Nd3 dxc4 16. Nxb4 Bf8 17. d5 Bxb4 18. dxe6 Rxe6 19. Qxc4 Bc3 20. a4 Raa6 21.
Rd3 Bf6 22. Qd5 Rad6 23. Qc4 Kg7 24. Nd4 Bxd4 25. Rxd4 Bc6 26. Qxe6 Rxd4 27.
Qe5+ Kf7 28. h4 Nd2 29. Bxc6 Nxf1 30. Be8+ Qxe8 31. Qxd4 Qxe2 32. Qd7+ Kf6 33.
Qd8+ Kg7 34. Qxc7+ Kh6 35. Qf4+ Kg7 36. Qd4+ Kh6 37. Qf4+ Kg7 38. Qc7+ Kh6 39.
Qf4+ 1/2-1/2

[Event "I Festival A"]
[Site "Lodi ITA"]
[Date "2005.06.11"]
[Round "2"]
[White "Dvirnyy, Danyyil"]
[Black "Cereda, Loris"]
[Result "1/2-1/2"]
[WhiteElo "2120"]
[BlackElo "2054"]
[PlyCount "114"]
[EventDate "2005.06.10"]

1. e4 e5 2. Nf3 Nc6 3. d4 exd4 4. Bc4 Nf6 5. O-O Nxe4 6. Re1 d5 7. Bxd5 Qxd5 8.
Nc3 Qh5 9. Nxe4 Be6 10. Bg5 Bd6 11. Nxd6+ cxd6 12. Bf4 Qd5 13. c3 Qf5 14. cxd4
Qxf4 15. d5 Ne5 16. Nxe5 dxe5 17. dxe6 O-O 18. e7 Rfe8 19. Qd7 Qf6 20. Qxb7
Qxe7 21. Qe4 Rad8 22. Rad1 Qc5 23. h3 Rxd1 24. Rxd1 f6 25. b4 Qc7 26. a4 Rd8
27. Rxd8+ Qxd8 28. a5 Qc7 29. a6 Kf8 30. g3 Ke7 31. Qxh7 Kd6 32. Qe4 Qc6 33.
Qg4 Qc7 34. h4 Kc6 35. Qc4+ Kb6 36. Qd3 Qe7 37. b5 e4 38. Qd5 e3 39. fxe3 Qxe3+
40. Kg2 Qe2+ 41. Kh3 Qxb5 42. Qb7+ Ka5 43. Qxa7 Qf5+ 44. Kh2 Qc2+ 45. Kg1 Qd1+
46. Kg2 Qe2+ 47. Qf2 Qe4+ 48. Qf3 Qc2+ 49. Kh3 Kxa6 50. h5 Qc5 51. Kg4 Qe5 52.
Kh4 f5 53. Qf4 Qf6+ 54. Qg5 Qd4+ 55. Kh3 Qe4 56. Kh2 Qe2+ 57. Kg1 Qe1+ 1/2-1/2

[Event "I Festival A"]
[Site "Lodi ITA"]
[Date "2005.06.11"]
[Round "2"]
[White "Efimov, Igor"]
[Black "Giretti Kanev, Jasen"]
[Result "1-0"]
[WhiteElo "2458"]
[BlackElo "2166"]
[PlyCount "65"]
[EventDate "2005.06.10"]

1. d4 d5 2. c4 c6 3. Nf3 Nf6 4. e3 Bg4 5. Qb3 Bxf3 6. Qxb7 Be4 7. Qxa8 Qc7 8.
Nc3 e6 9. c5 Be7 10. f3 O-O 11. fxe4 Nbd7 12. Qxf8+ Kxf8 13. exd5 Nxd5 14. Nxd5
exd5 15. Be2 Nf6 16. O-O Ne4 17. b4 g6 18. a4 Bd8 19. b5 Qe7 20. Bf3 Bc7 21.
Bxe4 Qh4 22. g3 Qxe4 23. b6 axb6 24. cxb6 Bxb6 25. a5 Ba7 26. Rb1 f5 27. Rb7
Bxd4 28. exd4 Qxd4+ 29. Rf2 Qd1+ 30. Kg2 Qxc1 31. a6 Qc4 32. a7 Qe4+ 33. Rf3
1-0

[Event "I Festival A"]
[Site "Lodi ITA"]
[Date "2005.06.11"]
[Round "2"]
[White "Faccia, Sergio"]
[Black "Mercandelli, Claudio"]
[Result "1-0"]
[WhiteElo "1992"]
[BlackElo "2105"]
[PlyCount "43"]
[EventDate "2005.06.10"]

1. e4 Nc6 2. d4 e5 3. Nf3 exd4 4. Bc4 Nf6 5. O-O Nxe4 6. Re1 d5 7. Bxd5 Qxd5 8.
Nc3 Qc4 9. Nxe4 Be6 10. Bg5 h6 11. b3 Qb4 12. Bh4 g5 13. Nf6+ Kd8 14. Bg3 Bg7
15. Nh5 Bf8 16. c3 Qxc3 17. Rc1 Qb4 18. Re4 Bc5 19. a3 Qxa3 20. Nxd4 Nxd4 21.
Rxd4+ Bxd4 22. Qxd4+ 1-0

[Event "I Festival A"]
[Site "Lodi ITA"]
[Date "2005.06.11"]
[Round "2"]
[White "Ficco, Corrado"]
[Black "Gromovs, Sergejs"]
[Result "0-1"]
[WhiteElo "2148"]
[BlackElo "2362"]
[PlyCount "72"]
[EventDate "2005.06.10"]

1. e4 c5 2. Nf3 d6 3. Bb5+ Nd7 4. a4 a6 5. Be2 Ngf6 6. Nc3 e6 7. O-O Be7 8. d4
cxd4 9. Nxd4 O-O 10. Be3 Qc7 11. f4 b6 12. Bf3 Bb7 13. f5 Nc5 14. fxe6 fxe6 15.
b4 e5 16. bxc5 exd4 17. Qxd4 dxc5 18. Qc4+ Kh8 19. Rae1 Bd6 20. h3 Qe7 21. Kh1
Qe5 22. Bg1 Rae8 23. Nd5 Nxd5 24. exd5 Qxe1 25. Rxe1 Rxe1 26. Qh4 Rfe8 27. c4
b5 28. axb5 axb5 29. cxb5 c4 30. Qxc4 Bg3 31. d6 Rxg1+ 32. Kxg1 Re1+ 33. Qf1
Rxf1+ 34. Kxf1 Bxf3 35. d7 Bxg2+ 36. Kxg2 Bc7 0-1

[Event "I Festival A"]
[Site "Lodi ITA"]
[Date "2005.06.11"]
[Round "2"]
[White "Frugoli, Francesco"]
[Black "Borin, Fabio"]
[Result "1-0"]
[WhiteElo "2092"]
[BlackElo "2184"]
[PlyCount "50"]
[EventDate "2005.06.10"]

1. d4 d6 2. Nc3 e5 3. e4 Nf6 4. f4 exd4 5. Qxd4 Nc6 6. Bb5 Be7 7. Nf3 O-O 8.
Bxc6 bxc6 9. O-O Nd7 10. Kh1 Bf6 11. Qf2 Re8 12. Re1 a5 13. Nd4 Bb7 14. Nf5 g6
15. Nh6+ Kg7 16. Ng4 Bxc3 17. bxc3 Nf6 18. Nxf6 Qxf6 19. Rb1 Ba6 20. c4 Kg8 21.
Bb2 Qe6 22. f5 Qe7 23. Rf1 Rab8 24. Bc3 Rxb1 25. Rxb1 Qxe4 1-0

[Event "I Festival A"]
[Site "Lodi ITA"]
[Date "2005.06.11"]
[Round "2"]
[White "Gabetto, Flaviano"]
[Black "Martinez, Rolly"]
[Result "0-1"]
[WhiteElo "2136"]
[BlackElo "2414"]
[PlyCount "70"]
[EventDate "2005.06.10"]

1. e4 c5 2. b4 cxb4 3. d4 d5 4. e5 Nc6 5. a3 Qb6 6. Nf3 Bg4 7. Be3 e6 8. axb4
Bxf3 9. gxf3 Qxb4+ 10. c3 Qb2 11. Qa4 a6 12. Bd3 Ra7 13. Ra2 Qb6 14. Nd2 Qc7
15. c4 dxc4 16. Qxc4 b5 17. Qb3 Nb4 18. O-O Nxa2 19. Qxa2 Ne7 20. d5 Nxd5 21.
Bxa7 Nb4 22. Qa1 Nxd3 23. Qxa6 Be7 24. Bb6 Qc6 25. Rb1 Nxe5 26. Rxb5 Nd7 27.
Nc4 O-O 28. Rb3 Rc8 29. Na5 Qc1+ 30. Kg2 Qg5+ 31. Kh3 Rc1 32. Be3 Qh5+ 33. Kg2
Qg6+ 34. Kh3 Rg1 35. Qc8+ Nf8 0-1

[Event "I Festival A"]
[Site "Lodi ITA"]
[Date "2005.06.11"]
[Round "2"]
[White "Gasperi, Fosco"]
[Black "Foglia, Maurizio"]
[Result "0-1"]
[WhiteElo "2168"]
[BlackElo "2089"]
[PlyCount "68"]
[EventDate "2005.06.10"]

1. d4 Nf6 2. c4 e6 3. Nc3 Bb4 4. Bg5 h6 5. Bh4 g5 6. Bg3 Ne4 7. Qc2 Bxc3+ 8.
bxc3 Nxg3 9. hxg3 Nc6 10. e3 b6 11. Nf3 Qf6 12. Bd3 Bb7 13. Nd2 O-O-O 14. Rb1
h5 15. Ne4 Qg7 16. d5 Ne5 17. d6 f5 18. dxc7 Kxc7 19. Nd2 d6 20. e4 f4 21. Nb3
fxg3 22. f3 Nxd3+ 23. Qxd3 e5 24. a4 g4 25. O-O Rhf8 26. a5 gxf3 27. axb6+ axb6
28. Rxf3 Rxf3 29. Qxf3 Qg4 30. Qxg4 hxg4 31. Nd2 Ra8 32. Re1 Ra3 33. Re3 Ra1+
34. Nf1 Ba6 0-1

[Event "I Festival A"]
[Site "Lodi ITA"]
[Date "2005.06.11"]
[Round "2"]
[White "Giannetta, Paolo"]
[Black "Astengo, Marcello"]
[Result "0-1"]
[WhiteElo "2045"]
[BlackElo "2120"]
[PlyCount "73"]
[EventDate "2005.06.10"]

1. d4 d5 2. Nf3 c5 3. dxc5 Qa5+ 4. c3 Qxc5 5. Nbd2 Nf6 6. Nb3 Qd6 7. Be3 Nbd7
8. Nfd4 e5 9. Nb5 Qb8 10. Bg5 a6 11. Na3 b5 12. g3 Bb7 13. Bg2 d4 14. O-O Bxg2
15. Kxg2 dxc3 16. Qc1 Ne4 17. Be3 Bb4 18. Rd1 Qb7 19. f3 cxb2 20. Qxb2 Nc3 21.
Rxd7 Qxd7 22. Nc5 Bxc5 23. Bxc5 Nd5 24. e4 Nc7 25. Qxe5+ Ne6 26. Re1 Qd2+ 27.
Bf2 O-O 28. Nb1 Qxa2 29. Nc3 Qb2 30. Rb1 Qc2 31. Ra1 b4 32. Nd5 b3 33. Ne3 Qc7
34. Qb2 Rfb8 35. Rc1 Qb7 36. Nd5 a5 37. Bb6 0-1

[Event "I Festival A"]
[Site "Lodi ITA"]
[Date "2005.06.11"]
[Round "2"]
[White "Gilardone, Adriano"]
[Black "Bonarrigo, Marco"]
[Result "0-1"]
[WhiteElo "2105"]
[BlackElo "2014"]
[PlyCount "54"]
[EventDate "2005.06.10"]

1. e4 e6 2. d4 d5 3. exd5 exd5 4. Bd3 Bd6 5. Nc3 Ne7 6. Bg5 Be6 7. Nge2 Nbc6 8.
Qd2 Qd7 9. O-O-O a6 10. a3 b5 11. b4 a5 12. Nxb5 axb4 13. Nxd6+ cxd6 14. axb4
O-O 15. c3 Ra3 16. Bxe7 Nxe7 17. Kb2 Qa4 18. Nc1 Ra8 19. Qc2 Qa7 20. Bxh7+ Kf8
21. Bd3 Ra1 22. Qb3 Ra3 23. Qc2 Ra4 24. h4 Rxb4+ 25. Qb3 Qa3+ 26. Kc2 Rxb3 27.
Nxb3 Qa2+ 0-1

[Event "I Festival A"]
[Site "Lodi ITA"]
[Date "2005.06.11"]
[Round "2"]
[White "Lucchese, Paolo"]
[Black "Salvador, Roland"]
[Result "0-1"]
[WhiteElo "2014"]
[BlackElo "2360"]
[PlyCount "72"]
[EventDate "2005.06.10"]

1. e4 c5 2. Nf3 Nc6 3. Bb5 Nf6 4. Nc3 Qc7 5. O-O Nd4 6. Nxd4 cxd4 7. Nd5 Nxd5
8. exd5 Qc5 9. Qe2 Qxd5 10. b3 e6 11. Bc4 Qc6 12. Bb2 Bc5 13. Qg4 O-O 14. Bxd4
Bxd4 15. Qxd4 b5 16. Be2 Bb7 17. Bf3 d5 18. c4 bxc4 19. bxc4 Rfd8 20. Rfc1 Qe8
21. Qc5 Rd7 22. Rab1 a6 23. Qa5 Qe7 24. Qb4 Qf6 25. Qb6 Re8 26. Qa7 Qe7 27. Qb6
g6 28. c5 Bc8 29. c6 Rd6 30. Be2 Qg5 31. Bxa6 Bxa6 32. Qxa6 Qxd2 33. Qb7 Rdd8
34. c7 Rc8 35. a4 e5 36. Rc5 d4 0-1

[Event "I Festival A"]
[Site "Lodi ITA"]
[Date "2005.06.11"]
[Round "2"]
[White "Luciani, Valerio"]
[Black "Korneev, Oleg"]
[Result "1/2-1/2"]
[WhiteElo "2241"]
[BlackElo "2611"]
[PlyCount "77"]
[EventDate "2005.06.10"]

1. d4 d5 2. c4 e6 3. Nc3 c6 4. cxd5 exd5 5. Bf4 Bd6 6. Bxd6 Qxd6 7. e3 Ne7 8.
Bd3 Bf5 9. Nge2 O-O 10. O-O Nd7 11. f3 Rad8 12. Bxf5 Nxf5 13. Qd3 g6 14. g4 Ng7
15. Rad1 f6 16. Kg2 b5 17. Ng3 Nb6 18. b3 Rfe8 19. Nce2 Qe7 20. Kf2 Ne6 21. h4
c5 22. dxc5 Nxc5 23. Qd4 Ne6 24. Qd3 Rc8 25. h5 Kg7 26. Rc1 Qa3 27. Qd2 a5 28.
Nd4 Qb4 29. Qxb4 axb4 30. Nxb5 Ra8 31. Rc2 Rec8 32. Rfc1 Rxa2 33. Rxa2 Rxc1 34.
Ra6 Rc6 35. Ne2 Nc5 36. Ra7+ Nbd7 37. Ned4 Ra6 38. Rc7 Ne6 39. Ne2 1/2-1/2

[Event "I Festival A"]
[Site "Lodi ITA"]
[Date "2005.06.11"]
[Round "2"]
[White "Magrini, Fabrizio"]
[Black "Jurkovic, Ante"]
[Result "0-1"]
[WhiteElo "1856"]
[BlackElo "2336"]
[PlyCount "88"]
[EventDate "2005.06.10"]

1. e4 e6 2. d4 d5 3. Nc3 Nf6 4. Bg5 Be7 5. e5 Nfd7 6. h4 Bxg5 7. hxg5 Qxg5 8.
Qd3 g6 9. Nb5 Qd8 10. Qc3 Nc6 11. O-O-O a6 12. Na3 Nb6 13. Rd3 Bd7 14. Rdh3 h5
15. Nf3 Rf8 16. Qe3 Qe7 17. Ng5 f6 18. exf6 Rxf6 19. g4 O-O-O 20. gxh5 e5 21.
dxe5 Qxe5 22. Qxe5 Nxe5 23. h6 Bxh3 24. Bxh3+ Kb8 25. h7 Nf3 26. Nxf3 Rxf3 27.
Be6 Rh8 28. Bg8 Rxf2 29. Rg1 Rf6 30. Re1 Rf8 31. Re7 Rhxg8 32. hxg8=Q Rxg8 33.
c3 g5 34. b3 g4 35. Nc2 g3 36. Re1 Nd7 37. Ne3 Nc5 38. Kc2 c6 39. Rg1 Ne4 40.
Nf5 Rg5 41. Ne3 Rh5 42. Nf1 Rf5 43. Nxg3 Rf2+ 44. Kd3 Rf3+ 0-1

[Event "I Festival A"]
[Site "Lodi ITA"]
[Date "2005.06.11"]
[Round "2"]
[White "Malano, Francesco"]
[Black "Damia, Angelo"]
[Result "1/2-1/2"]
[WhiteElo "2026"]
[BlackElo "2110"]
[PlyCount "146"]
[EventDate "2005.06.10"]

1. Nf3 c5 2. c4 Nc6 3. Nc3 g6 4. g3 Bg7 5. Bg2 Nf6 6. d4 cxd4 7. Nxd4 O-O 8.
O-O Nxd4 9. Qxd4 d6 10. Bg5 Be6 11. Ne4 Nd7 12. Qd2 f6 13. Be3 Bxc4 14. b3 Bf7
15. Rac1 d5 16. Rfd1 Re8 17. Nc3 e6 18. Nb5 Re7 19. Nxa7 Ne5 20. Nb5 Nc6 21.
Bc5 Rd7 22. e3 Bf8 23. Bxf8 Qxf8 24. Qb2 e5 25. Bh3 f5 26. e4 Be6 27. exd5 Rxd5
28. Nc7 Rad8 29. Nxd5 Rxd5 30. Bg2 e4 31. Rxd5 Bxd5 32. Qc3 Qb4 33. Bf1 Qxc3
34. Rxc3 Nd4 35. Rc8+ Kf7 36. Rc7+ Kf6 37. Bg2 h6 38. h4 Bc6 39. Rh7 Ne2+ 40.
Kf1 Nc1 41. Ke1 Nxa2 42. Kd2 e3+ 43. Kxe3 Bxg2 44. f3 b5 45. h5 gxh5 46. Rxh6+
Kg5 47. Rd6 Nc3 48. Kf2 Bh1 49. Rd3 b4 50. Kg1 Ne2+ 51. Kxh1 Nxg3+ 52. Kg2 Ne2
53. Kf2 Nc1 54. Rd4 h4 55. Rc4 Nxb3 56. Rxb4 Nc5 57. Ke3 Ne6 58. Rb1 h3 59.
Rg1+ Kh4 60. Rg6 Nf8 61. Rg8 Ne6 62. Kf2 Nf4 63. Rh8+ Nh5 64. Rg8 Nf4 65. Rh8+
Nh5 66. Kg1 Kg5 67. Kh2 Nf4 68. Kg3 Ne2+ 69. Kxh3 Kf4 70. Kg2 Nd4 71. Rh4+ Ke3
72. Rh8 Kf4 73. Rh4+ Ke3 1/2-1/2

[Event "I Festival A"]
[Site "Lodi ITA"]
[Date "2005.06.11"]
[Round "2"]
[White "Martino, Antonio M."]
[Black "Roberti, Ignazio"]
[Result "1-0"]
[WhiteElo "2103"]
[BlackElo "1954"]
[PlyCount "93"]
[EventDate "2005.06.10"]

1. c4 Nf6 2. Nc3 d5 3. cxd5 Nxd5 4. d4 Bg4 5. f3 Bh5 6. e4 Nb6 7. Be3 e6 8. Qb3
Nc6 9. Rd1 Qe7 10. d5 exd5 11. Nxd5 Nxd5 12. Rxd5 Qb4+ 13. Qxb4 Bxb4+ 14. Kf2
Bg6 15. Bb5 O-O 16. Bxc6 bxc6 17. Rd1 f5 18. exf5 Bxf5 19. Ne2 Be4 20. Rd4 Bxf3
21. gxf3 Bd6 22. Rd3 Rab8 23. b3 Rb5 24. Ng3 a5 25. a4 Re5 26. Rhd1 Re6 27. Kg2
Rg6 28. Kf2 Rgf6 29. Bg5 Bc5+ 30. Kg2 Rg6 31. Be3 Bd6 32. Rd4 Re8 33. Re4 Rf8
34. Rd3 Rgf6 35. Bd2 Ra8 36. Bc3 Rg6 37. Rg4 c5 38. Rxg6 hxg6 39. Ne4 c4 40.
bxc4 Bf4 41. Bd2 Be5 42. Rd5 Re8 43. Bg5 Kf7 44. Rxa5 Ke6 45. Bh4 Bd4 46. Ng5+
Kd7 47. Rd5+ 1-0

[Event "I Festival A"]
[Site "Lodi ITA"]
[Date "2005.06.11"]
[Round "2"]
[White "Molina, Fabrizio"]
[Black "Vocaturo, Daniele"]
[Result "0-1"]
[WhiteElo "2257"]
[BlackElo "2303"]
[PlyCount "68"]
[EventDate "2005.06.10"]

1. c4 e5 2. g3 d6 3. Bg2 f5 4. Nc3 Nf6 5. d3 Be7 6. e3 O-O 7. Nge2 Kh8 8. O-O
Qe8 9. Qd2 Nc6 10. b3 Qh5 11. f4 Bd7 12. Bb2 Rae8 13. Nd5 Bd8 14. Rfe1 Bc8 15.
Rac1 Nxd5 16. cxd5 Nb8 17. Nc3 a6 18. fxe5 dxe5 19. Na4 Nd7 20. d4 f4 21. exf4
exf4 22. gxf4 Bh4 23. Re6 Nf6 24. Re5 Rxe5 25. dxe5 Ng4 26. Bf3 Qg6 27. Qg2
Bf2+ 28. Kh1 Be3 29. Rf1 Rxf4 30. e6 h5 31. h3 b5 32. Bxg4 Rxf1+ 33. Qxf1 hxg4
34. Qf7 Qb1+ 0-1

[Event "I Festival A"]
[Site "Lodi ITA"]
[Date "2005.06.11"]
[Round "2"]
[White "Naumkin, Igor"]
[Black "Ruiz, Richard"]
[Result "1-0"]
[WhiteElo "2412"]
[BlackElo "2148"]
[PlyCount "81"]
[EventDate "2005.06.10"]

1. d4 Nf6 2. c4 g6 3. Nc3 Bg7 4. e4 d6 5. Nf3 Bg4 6. Be2 O-O 7. Be3 Nfd7 8. Rc1
e5 9. d5 f5 10. h3 Bxf3 11. Bxf3 a5 12. g4 f4 13. Bd2 Nc5 14. Qe2 Bf6 15. Kf1
Nbd7 16. b3 Bh4 17. Be1 Rf7 18. Qc2 Nb6 19. Nb1 h6 20. Nd2 Nbd7 21. a3 b6 22.
Bd1 Be7 23. b4 axb4 24. axb4 Nb7 25. Nf3 Ra3 26. Bc3 Rf8 27. Bb2 Ra7 28. h4 Qc8
29. g5 h5 30. Qb3 Kh7 31. Nd2 Qe8 32. Ra1 Rxa1 33. Bxa1 Qa8 34. Bb2 Qc8 35. Qh3
c6 36. Qe6 Bd8 37. Rh3 Qc7 38. Ra3 Nb8 39. Ra7 b5 40. c5 dxc5 41. Bxh5 1-0

[Event "I Festival A"]
[Site "Lodi ITA"]
[Date "2005.06.11"]
[Round "2"]
[White "Nelli, Carlo"]
[Black "Di Paolo, Raffaele"]
[Result "0-1"]
[WhiteElo "2024"]
[BlackElo "2284"]
[PlyCount "60"]
[EventDate "2005.06.10"]

1. e4 c5 2. Nf3 Nc6 3. Bb5 e6 4. Bxc6 bxc6 5. e5 Ne7 6. Nc3 Ng6 7. d3 Qc7 8.
Qe2 Be7 9. b3 f6 10. exf6 Bxf6 11. Bd2 Nf4 12. Qe4 Nd5 13. d4 cxd4 14. Nxd4 O-O
15. O-O Bb7 16. Rad1 c5 17. Nxd5 Bxd5 18. Nb5 Qc6 19. Qg4 h5 20. Qh3 Qxb5 21.
c4 Bxc4 22. bxc4 Qxc4 23. Qxh5 Bd4 24. g4 Qe2 25. Be3 Bxe3 26. fxe3 Qxe3+ 27.
Kh1 Qe2 28. Rfe1 Qf3+ 29. Kg1 Rf4 30. h3 Qg3+ 0-1

[Event "I Festival A"]
[Site "Lodi ITA"]
[Date "2005.06.11"]
[Round "2"]
[White "Perissinotto, Claudio"]
[Black "Bressanelli, Roberto"]
[Result "1/2-1/2"]
[WhiteElo "2098"]
[BlackElo "2086"]
[PlyCount "30"]
[EventDate "2005.06.10"]

1. e4 e5 2. Nf3 Nc6 3. Bb5 f5 4. Nc3 fxe4 5. Nxe4 Nf6 6. Nxf6+ Qxf6 7. O-O Nd4
8. Nxd4 exd4 9. Re1+ Be7 10. Qe2 c6 11. Bd3 d5 12. b3 O-O 13. Qxe7 Qxf2+ 14.
Kh1 Bh3 15. gxh3 Qf3+ 1/2-1/2

[Event "I Festival A"]
[Site "Lodi ITA"]
[Date "2005.06.11"]
[Round "2"]
[White "Rogulj, Branko"]
[Black "Mora, Paolo"]
[Result "0-1"]
[WhiteElo "2382"]
[BlackElo "2137"]
[PlyCount "146"]
[EventDate "2005.06.10"]

1. e4 e5 2. Nf3 Nc6 3. Bb5 a6 4. Ba4 Nf6 5. O-O b5 6. Bb3 Bb7 7. d3 Bc5 8. a4
d6 9. c3 h6 10. Na3 O-O 11. Nc2 Re8 12. Be3 Bxe3 13. Nxe3 Ne7 14. Nh4 bxa4 15.
Rxa4 Bc6 16. Ra5 Bd7 17. Ra3 g5 18. Qf3 Kg7 19. Nhf5+ Nxf5 20. Nxf5+ Bxf5 21.
Qxf5 Rb8 22. Qf3 Rb6 23. Ba4 c6 24. b4 Qc7 25. h4 Reb8 26. hxg5 hxg5 27. Qf5
Nh7 28. Bb3 c5 29. Bc4 cxb4 30. cxb4 Rxb4 31. Rxa6 R4b6 32. Rxb6 Rxb6 33. Ra1
Qe7 34. g3 Nf8 35. Ra8 Ng6 36. Kg2 Nf8 37. Kf3 d5 38. Kg2 dxc4 39. dxc4 Ng6 40.
Qc8 Qf8 41. c5 Qxc8 42. Rxc8 Rb3 43. Kh3 Rf3 44. Kg2 g4 45. Kf1 Rc3 46. Ke2 Nf8
47. Kd2 Rc4 48. Kd3 Rd4+ 49. Kc3 Rxe4 50. c6 Ne6 51. Re8 Kf6 52. Rg8 Rd4 53.
Rc8 Ke7 54. Rg8 Kd6 55. Rc8 Kd5 56. c7 Rc4+ 57. Kd3 Rxc7 58. Rg8 Rc4 59. Ke3
Re4+ 60. Kd2 Nc5 61. Rf8 Ke6 62. Rc8 Rd4+ 63. Ke3 Nd7 64. Re8+ Kf5 65. Re7 f6
66. Re8 Nb6 67. Ke2 Nd5 68. Kf1 Ke4 69. Kg2 f5 70. Rc8 Nb6 71. Rf8 Nc4 72. Kf1
Nd2+ 73. Ke2 Nf3 0-1

[Event "I Festival A"]
[Site "Lodi ITA"]
[Date "2005.06.11"]
[Round "2"]
[White "Romagnoli, Franco"]
[Black "Vincenzi, Marco"]
[Result "0-1"]
[WhiteElo "2115"]
[BlackElo "2053"]
[PlyCount "76"]
[EventDate "2005.06.10"]

1. e4 c5 2. b4 cxb4 3. a3 d5 4. exd5 Qxd5 5. Bb2 e5 6. Nf3 Nc6 7. axb4 Bxb4 8.
Na3 Nf6 9. Nb5 O-O 10. Be2 Ne8 11. O-O Bg4 12. c4 Qe6 13. Qb3 Be7 14. Rfe1 a6
15. d4 Qc8 16. d5 axb5 17. Rxa8 Qxa8 18. dxc6 bxc6 19. Nxe5 Bxe2 20. Rxe2 Qb7
21. h3 Nf6 22. Nxc6 Qxc6 23. Rxe7 bxc4 24. Qc3 Rd8 25. Re1 h6 26. Qg3 Qd6 27.
Be5 Qc6 28. Bc3 Rd3 29. Qe5 Qd6 30. Rc1 Rd1+ 31. Rxd1 Qxd1+ 32. Kh2 Qc2 33. Qg3
Qd3 34. Qe5 Qe4 35. Qg3 Kh7 36. Qc7 Nd5 37. Qe5 Qxe5+ 38. Bxe5 c3 0-1

[Event "I Festival A"]
[Site "Lodi ITA"]
[Date "2005.06.11"]
[Round "2"]
[White "Rombaldoni, Axel"]
[Black "Ranola, Yves"]
[Result "0-1"]
[WhiteElo "2147"]
[BlackElo "2467"]
[PlyCount "54"]
[EventDate "2005.06.10"]

1. e4 c5 2. Nf3 Nc6 3. d4 cxd4 4. Nxd4 g6 5. Nc3 Bg7 6. Be3 Nf6 7. Bc4 d6 8. f3
O-O 9. Bb3 Bd7 10. Qd2 Rc8 11. g4 Nxd4 12. Bxd4 b5 13. h4 b4 14. Ne2 a5 15. h5
e5 16. Be3 a4 17. Bd5 Nxd5 18. exd5 e4 19. Nd4 exf3 20. hxg6 fxg6 21. Qh2 h5
22. gxh5 Bxd4 23. Bxd4 f2+ 24. Bxf2 Qe7+ 25. Kd1 Bg4+ 26. Kc1 Rxc2+ 27. Kxc2
Qe2+ 0-1

[Event "I Festival A"]
[Site "Lodi ITA"]
[Date "2005.06.11"]
[Round "2"]
[White "Rombaldoni, Denis"]
[Black "Tencati, Giuseppe"]
[Result "1-0"]
[WhiteElo "2336"]
[BlackElo "2093"]
[PlyCount "39"]
[EventDate "2005.06.10"]

1. d4 d5 2. c4 c6 3. Nf3 e6 4. e3 Nf6 5. Nc3 Bd6 6. Qc2 Nbd7 7. g4 Nxg4 8. Rg1
Nxh2 9. Nxh2 Bxh2 10. Rxg7 Qh4 11. e4 Bf4 12. exd5 Bxc1 13. Rxc1 Qxd4 14. Rxh7
Rxh7 15. Qxh7 Ne5 16. Be2 Ng6 17. Rd1 Qe5 18. Rd3 cxd5 19. Nxd5 Bd7 20. f4 1-0

[Event "I Festival A"]
[Site "Lodi ITA"]
[Date "2005.06.11"]
[Round "2"]
[White "Salami, Marco"]
[Black "Lazic, Miroljub"]
[Result "0-1"]
[WhiteElo "2206"]
[BlackElo "2500"]
[PlyCount "112"]
[EventDate "2005.06.10"]

1. e4 d6 2. d4 Nf6 3. Nc3 c6 4. h3 b5 5. a3 Nbd7 6. Nf3 e5 7. Be2 a6 8. O-O Be7
9. Re1 O-O 10. Bg5 Re8 11. Bf1 Qc7 12. g3 Bf8 13. Bg2 Bb7 14. dxe5 dxe5 15. Nh2
h6 16. Be3 Nb6 17. Ng4 Nfd7 18. Qe2 Nc4 19. Bc1 Nc5 20. b3 Nb6 21. Be3 Ne6 22.
Qf3 Nd4 23. Bxd4 exd4 24. Ne2 c5 25. Nf4 f5 26. Nxh6+ gxh6 27. Qh5 Qf7 28. exf5
Bxg2 29. Qg4+ Qg7 30. Kxg2 Qxg4 31. hxg4 Rxe1 32. Rxe1 c4 33. b4 Rd8 34. Rd1 d3
35. cxd3 c3 36. Rc1 Rc8 37. Rc2 Na4 38. Kf3 Kf7 39. Ke4 Bd6 40. Ne6 a5 41. f4
axb4 42. axb4 Bxb4 43. g5 hxg5 44. fxg5 Bf8 45. Ke5 Bg7+ 46. f6 Re8 47. Kf5
Bxf6 48. g6+ Kg8 49. Kxf6 b4 50. Rh2 Rxe6+ 51. Kxe6 Nc5+ 52. Kf6 Nd7+ 53. Kg5
b3 54. Re2 c2 55. Re8+ Nf8 56. Rc8 b2 0-1

[Event "I Festival A"]
[Site "Lodi ITA"]
[Date "2005.06.11"]
[Round "2"]
[White "Santurbano, Maria Vincenza"]
[Black "Castrogiovanni, Carlo"]
[Result "0-1"]
[WhiteElo "2043"]
[BlackElo "2115"]
[PlyCount "73"]
[EventDate "2005.06.10"]

1. d4 Nf6 2. c4 c5 3. d5 b5 4. cxb5 a6 5. b6 d6 6. Nc3 Nbd7 7. e4 g6 8. Nf3 Bg7
9. Be2 Qxb6 10. Nd2 Qc7 11. O-O O-O 12. a4 e6 13. Bc4 Nb6 14. a5 Nxc4 15. Nxc4
e5 16. f4 Bg4 17. Qc2 exf4 18. Bxf4 Ne8 19. Rae1 Bd4+ 20. Kh1 f6 21. Na4 Rd8
22. Nab6 Bd7 23. Qd3 Bb5 24. b4 Ng7 25. bxc5 Bxc5 26. Rc1 Bxb6 27. axb6 Qxb6
28. Qa3 Bxc4 29. Rxc4 Nh5 30. Be3 Qb7 31. Rc6 Qe7 32. Qxa6 Qxe4 33. Bh6 Rfe8
34. Rxd6 Ra8 35. Qb7 Ra2 36. Rg1 Qe2 37. Rxf6 0-1

[Event "I Festival A"]
[Site "Lodi ITA"]
[Date "2005.06.11"]
[Round "2"]
[White "Sciortino, Massimo"]
[Black "Mrdja, Milan"]
[Result "1-0"]
[WhiteElo "2306"]
[BlackElo "2373"]
[PlyCount "67"]
[EventDate "2005.06.10"]

1. e4 g6 2. d4 Bg7 3. Nc3 d6 4. f4 a6 5. Nf3 Nd7 6. Bd3 c5 7. Be3 b5 8. e5 Bb7
9. O-O e6 10. Ne4 Bxe4 11. Bxe4 d5 12. Bd3 c4 13. Be2 Ne7 14. Qe1 Nf5 15. Bd2
h5 16. g3 Qb6 17. Ba5 Qa7 18. Qd2 Bf8 19. c3 Nb8 20. Bb4 Bxb4 21. cxb4 Nc6 22.
Rfd1 a5 23. bxa5 Qxa5 24. Kf2 Ke7 25. a3 Qxd2 26. Rxd2 b4 27. Bd1 Rhb8 28. Bc2
bxa3 29. bxa3 Nfxd4 30. Nxd4 Nxd4 31. Rxd4 Rb2 32. Rd2 c3 33. Re2 Rab8 34. Ke3
1-0